LEADER 01511nam a2200313 i 4500 001 000000010038 003 CaOOAMICUS 005 20240410124545.0 008 180830s1991 fr u000 u fre u 040 $aSeMil$bita 100 0 $aGregorius I,$c.$0(OLS)http://semarc/name/465 245 10$aRegistre des lettres /$cGrégoire le Grand. 264 1$aParis :$bLes Éditions du Cerf,$c1991- 300 $av. ;$c20 cm. 490 1 $aSources chrétiennes 500 $aTesto latino a fronte. 774 0 $t1.1: Livres 1. et 2..$dParis : Les Éditions du Cerf, 1991.$kSources chrétiennes$w()112736 774 0 $t1.2: Livres 1. et 2..$dParis : Les Éditions du Cerf, 1991.$kSources chrétiennes$w()105400 774 0 $t2: Livres 3.-4..$dParis : Les Éditions du Cerf, 2008.$kSources chrétiennes$z978-2-204-08735-3$w()178635 774 0 $t6: Livres 10.-11..$dParis : Les Éditions du Cerf, 2024.$kSources chrétiennes$z978-2-204-14033-1$w()357958 774 0 $t7: Livres 12.-14..$dParis : Les Éditions du Cerf, 2021.$kSources chrétiennes$z978-2-204-14033-1$w()346256 830 0$aSources chrétiennes.$0(OLS)http://semarc/title/72 900 0 $aGregorio : Magno$c. 900 0 $aGregorio I$c. 996 $6245$aRegistre des lettres$9(OLS)http://semarc/title/13269 996 $6264$aParis :$bLes Éditions du Cerf$9(OLS)http://semarc/publisher/29611 LEADER 01066nam a2200289 i 4500 001 000000112185 003 CaOOAMICUS 005 20050708000000.0 008 050708s1990 it u000 u ita u 013 $a84869 020 $a88-211-6218-4 040 $aSeMil$bita 100 1 $aCohen, Albert.$0(OLS)http://semarc/name/47013 240 10$aÔ vous, frères humains.$0(OLS)http://semarc/title/163517 245 12$aA voi fratelli umani /$cAlbert Cohen. 260 $aGenova :$bMarietti,$c1990. 300 $a123 p. ;$c22 cm. 490 0 $aCollana di narrativa ;$v2 500 $aFondo Card. C.M. Martini. 830 0$aCollana di narrativa ;$v2.$0(OLS)http://semarc/title/11376 850 $aSeMil 852 $aSeMil$W1$xVenegono$y1$m1O V 174$j67967$B67967$CSeMilBibl$Z2$F100050 $81 941 1 $a4 961 $aOmaggio: Martini Card. Carlo Maria 996 $6020$a88-211-6218-4$9(OLS)http://semarc/number/94682 996 $6245$aA voi fratelli umani$9(OLS)http://semarc/title/163516 996 $6260$aGenova :$bMarietti$9(OLS)http://semarc/publisher/29997